000 00638nam a22002297a 4500
003 UA-OsUOA
001 43462
007 ta
008 20061225b un ||||| |||| 00| 0 ukr d
100 _aГоркун М. Г.
090 _a811.111
942 _cBK
040 _aUA-OsUOA
_brus
_cUA-OsUOA
_dUA-OsUOA
245 _aУчебник английского языка
300 _a238 с.
955 _a3
041 _arus
080 _a811.111
260 _aК.
_bВыща школа
_c1986
650 7 _a8 Мовознавство. Художня література. Літературознавство
_2UDC
999 _c329599
_d329599